Sports Quiz

Random Sports or Soccer Quiz

Click the Clubs of Ronaldo Quiz Stats

 Plays Quiz Updated Nov 2, 2019

Score 0/7 Timer 00:45
2 Plays Today
% Correct
Barcelona
96.5%
Real Madrid
94.3%
Inter Milan
93.5%
A.C. Milan
93%
PSV
91.2%
Corinthians
85.2%
Cruzeiro
79%

You're not logged in!

Compare scores with friends on all Sporcle quizzes.
OR
Log In

Sporcle TV

Today on Sporcle TV


Watch our educational content, quiz creation guides, and fun videos on Sporcle TV.

Show Comments

Extras

Top Quizzes Today


Score Distribution

Your Account Isn't Verified!

In order to create a playlist on Sporcle, you need to verify the email address you used during registration. Go to your Sporcle Settings to finish the process.

Report this User

Report this user for behavior that violates our Community Guidelines.

Details: